000 00433nam a2200157Ia 4500
008 210210b1991 xxu||||| |||| 00| 0 eng d
020 _a81 224 0338 7
082 _a658.83 MAJM
100 _aMAJUMDAR (Ramanuj).
245 _aMarketing research: text, applications and case studies.
260 _a
_bNot Mentioned
_c1991
300 _axvi,365
650 _aMarketing Research
690 _aMarketing Management
906 _a046331
999 _c95739
_d95739